00649nam a2200217Ia 450000500170000000800410001702000150005808200190007310000140009224500950010626000350020130000150023665000100025165000140026165000110027565000110028665000180029794200060031595200950032199900150041620250130031431.0240331s9999 xx 000 0 und d a0394749049 bOAK225a305.4 aOakley, A 0aSubject Women:bWhere Women Stand Today - Politically, Economically, Socially, Emotionally aNew YorkbPantheon Booksc1981 ax, 406 p., aWomen aEducation aLabour aGender aRelationships cL 001040708LaWERCLbWERCLcSSCd2024-03-31l0o 305.4 OAKp25r2024-03-31w2024-03-31yL c1681d1681